Smlouva a obyčej v mezinárodním právu

Gespeichert in:
Bibliographische Detailangaben
1. Verfasser: Čepelka, Čestmír
Format: Buch
Sprache:Tschechisch
Veröffentlicht: Praha Univerzita Karlova 1984
Tags: Tag hinzufügen
Keine Tags, Fügen Sie das erste Tag hinzu!

MARC

LEADER 00000nam a2200000 4500
001 c114073
005 20041019155157.6
041 0 |a cze 
044 |a CZ 
245 1 0 |a Smlouva a obyčej v mezinárodním právu  |c Čestmír Čepelka 
264 1 |a Praha  |b Univerzita Karlova  |c 1984 
300 |a 70 s. 
100 1 |a Čepelka, Čestmír